Emotions in Social Life / Critical Themes and Contemporary Issues (Record no. 5792)
[ view plain ]
| 000 -LEADER | |
|---|---|
| fixed length control field | 01600cam a22002174a 4500 |
| 005 - ΗΜΕΡΟΜΗΝΙΑ ΚΑΙ ΩΡΑ ΤΕΛΕΥΤΑΙΑΣ ΕΝΗΜΕΡΩΣΗΣ | |
| Πεδίο ελέγχου | 20250605164222.0 |
| 008 - FIXED-LENGTH DATA ELEMENTS--GENERAL INFORMATION | |
| Πεδίο ελέγχου σταθερού μήκους | 250528s ||||||||||||||||||||||||d |
| 035 ## - SYSTEM CONTROL NUMBER | |
| System control number | 20707 |
| 020 ## - ISBN | |
| ISBN | 415137993 |
| 040 ## - ΠΗΓΗ ΚΑΤΑΛΟΓΟΓΡΑΦΗΣΗΣ | |
| Φορέας πρωτότυπης καταλογογράφησης | MC Athens Campus Library |
| Γλώσσα καταλογογράφησης | Ελληνικά, Μοντέρνα (1453-) |
| Modifying agency | MC Athens Campus Library |
| Κανόνες περιγραφικής καταλογογράφησης | AACR2 |
| 245 1# - ΤΙΤΛΟΣ ΚΑΙ ΔΗΛΩΣΗ ΥΠΕΥΘΥΝΟΤΗΤΑΣ | |
| Τίτλος | Emotions in Social Life / Critical Themes and Contemporary Issues |
| 250 ## - EDITION STATEMENT | |
| Edition statement | 1st |
| 260 ## - PUBLICATION, DISTRIBUTION, ETC. | |
| Name of publisher, distributor, etc. | Rouledge, |
| Date of publication, distribution, etc. | 1998 |
| 300 ## - PHYSICAL DESCRIPTION | |
| Extent | 338 |
| 520 ## - SUMMARY, ETC. | |
| Summary, etc. | This book provides a comprehensive ''state of the art'' assessment of the sociology of emotions drawing upon work from scholars of international stature, as well as newer writers in the field. Acknowledgements, Introduction: Emotions in Social Life: Mapping the Sociological Terrain, Critical Perspectives on Emotions, The Sociology of Emotion as a Way of Seeing, Emotion and Communicative Action: Habermas and Linguistic Philosophy and Existentialism, The Limitations of Cultural Constructionism in the Study of Emotion, The Socio genesis of Emotion: A Historical Sociology, The Mediation of Emotional Experience, ''Bored and Blaze'': Television and the Emotions and Georg Simmel, In Search of the Inner Child: Co-Dependency and Gender in a Cyberspace Community, Emotions and Cyberspace and the ''Virtual'' Body: A Critical Appraisal, Emotions and the Body Through the Life-Course, Ageing and the Emotions, Sexuality and Intimacy and Personal Relations, Masculinity and Violence and Emotional Life, Emotions and Health, Emotions and Pain and Gender, Index. |
| 700 1# - ΠΡΟΣΘΕΤΗ ΑΝΑΓΡΑΦΗ--ΦΥΣΙΚΟ ΠΡΟΣΩΠΟ | |
| Personal name | Bendelow Gilliam |
| 9 (RLIN) | 6668 |
| 700 1# - ΠΡΟΣΘΕΤΗ ΑΝΑΓΡΑΦΗ--ΦΥΣΙΚΟ ΠΡΟΣΩΠΟ | |
| Personal name | Williams Simon J |
| 9 (RLIN) | 6669 |
| 942 ## - ADDED ENTRY ELEMENTS (KOHA) | |
| Koha item type | Books |
| Τύπος τεκμηρίου | Βιβλιοθήκη | Τρέχουσα τοποθεσία | Barcode | Αριθμός εισαγωγής | Ημερομηνία απόκτησης | Ταξιθετικό σύμβολο | Αριθμός αντιτύπου | Κατάσταση απόσυρσης | Κατάσταση χαμένου | Κατάσταση κατεστραμμένου | Μη δανεισμός | Σύνολο δανεισμών | Σύνολο ανανεώσεων | Ημερομηνία τελευταίας εμφάνισης | Χρονολογία τελευταίου δανεισμού | Η τιμή ισχύει από |
|---|---|---|---|---|---|---|---|---|---|---|---|---|---|---|---|---|
| Books | MC Athens Campus Library | MC Athens Campus Library | 9780000057914 | 7338 | 05/06/2025 | 302 BEN | 1 | 1 | 2 | 23/12/2025 | 09/12/2025 | 05/06/2025 |